Carlos A. Boissier y Díaz (Record no. 41967)

MARC details
000 -LEADER
campo de control de longitud fija 00977nam a2200229 i 4500
001 - NÚMERO DE CONTROL
campo de control 41967
003 - IDENTIFICADOR DE NÚMERO DE CONTROL
campo de control ES-MaACL
005 - FECHA Y HORA DE LA ÚLTIMA TRANSACCIÓN
campo de control 20251113180042.0
007 - CAMPO FIJO DE DESCRIPCIÓN FÍSICA--INFORMACIÓN GENERAL
campo de control de longitud fija t|
008 - DATOS DE LONGITUD FIJA--INFORMACIÓN GENERAL
campo de control de longitud fija 030312s1958 cu ||||1| spa d
080 ## - NÚMERO DE LA CLASIFICACIÓN DECIMAL UNIVERSAL
Número de la Clasificación Decimal Universal 929 Boissier y Diaz, Carlos Alberto
100 1# - ENTRADA PRINCIPAL--NOMBRE DE PERSONA
Nombre de persona Carbonell y Rivero, José Manuel.
9 (RLIN) 35072
245 10 - MENCIÓN DEL TÍTULO
Título Carlos A. Boissier y Díaz
Resto del título : discurso leído en la recepción pública de José Manuel Carbonell y Rivero el día 24 de junio de 1958 /
Mención de responsabilidad, etc. contesta en nombre de la Corporación José María Chacón y Calvo.
260 ## - PUBLICACIÓN, DISTRIBUCIÓN, ETC.
Lugar de publicación, distribución, etc. La Habana :
Nombre del editor, distribuidor, etc. Academia de la Historia de Cuba,
Fecha de publicación, distribución, etc. 1958 (
Fabricante Imp. El Siglo XX)
300 ## - DESCRIPCIÓN FÍSICA
Extensión 76 p., 1 lám. ;
Dimensiones 25 cm.
500 ## - NOTA GENERAL
Nota general Precede al tít.: Academia de la Historia de Cuba.
600 14 - PUNTO DE ACCESO ADICIONAL DE MATERIA--NOMBRE DE PERSONA
Nombre de persona Boissier y Diaz, Carlos Alberto.
9 (RLIN) 150758
700 0# - ENTRADA AGREGADA--NOMBRE PERSONAL
Nombre de persona Chacón y Calvo, José María,
Fechas asociadas al nombre 1893-1969
9 (RLIN) 37770
710 2# - ENTRADA AGREGADA--NOMBRE DE ENTIDAD CORPORATIVA
Nombre de entidad corporativa o nombre de jurisdicción como elemento de entrada Academia de la Historia de Cuba.
9 (RLIN) 1183
852 ## - LOCALIZACIÓN
Ubicación ES-MaACL
Número de control de estantería C-17681
Sublocalización o colección R.45341
Holdings
Estatus retirado Estado de pérdida Estado de daño No para préstamo Biblioteca de origen Biblioteca actual Ubicación en estantería Fecha de adquisición Fuente de adquisición Total de préstamos Signatura topográfica completa Código de barras Visto por última vez Precio de reemplazo Tipo de ítem Koha
        Biblioteca del Ateneo de Madrid Biblioteca del Ateneo de Madrid Galería 17/01/2008     C-17681 1044176 23/02/2023 23/02/2023 Libro impreso